Countries with the Least Freedom of the Press - Statistics

General Stats
  • This quiz has been taken 23 times
  • The average score is 11 of 18
Answer Stats
Country % Correct
China
100%
North Korea
90%
Saudi Arabia
85%
Syria
85%
Iran
75%
Yemen
75%
Myanmar
70%
Somalia
65%
Sudan
65%
Belarus
55%
Vietnam
50%
Cuba
45%
Laos
45%
Turkmenistan
45%
Uzbekistan
40%
Azerbaijan
35%
Eritrea
35%
Sri Lanka
15%
No matching quizzes found
Score Distribution
Percent of People with Each Score
Percentile by Number Answered
Your Score History
You have not taken this quiz